Plos One

Salvato in:
Dettagli Bibliografici
Natura: Periodico
Lingua:inglese
Pubblicazione: San Francisco Public Library of Science
Tags: Aggiungi Tag
Nessun Tag, puoi essere il primo ad aggiungerne!!

MARC

LEADER 00000nls a2200000 4500
001 0271292
005 20250701092108.6
022 |a 1932-6203 
041 0 |a eng 
044 |a US 
245 1 0 |a Plos One 
264 1 |a San Francisco  |b Public Library of Science